Elegías de Duino
-д хадгалсан:
| Үндсэн зохиолч: | |
|---|---|
| Формат: | Ном |
| Хэл сонгох: | испани |
| Хэвлэсэн: |
Madrid
Cátedra
1993
|
| Хэвлэл: | 3a. ed |
| Цуврал: | Colección Letras Universales, 70
|
| Нөхцлүүд: | |
| Шошгууд: |
Шошго нэмэх
Шошго байхгүй, Энэхүү баримтыг шошголох эхний хүн болох!
|
MARC
| LEADER | 00000nam a2200000 a 4500 | ||
|---|---|---|---|
| 001 | UCP1681 | ||
| 003 | CL-VaPUC | ||
| 008 | 990426e19930000SP |||||||||||||||||spa|d | ||
| 082 | 0 | 4 | |a 891.8601 |b RIL |2 21 |
| 100 | |a Rilke, Rainer Maria |e author |9 265571 | ||
| 245 | 1 | 0 | |a Elegías de Duino |
| 246 | 1 | 4 | |a Los sonetos a Orfeo |
| 250 | |a 3a. ed | ||
| 300 | |a 217 p | ||
| 942 | |c BK | ||
| 945 | |d 19990426 00:00:00 |a rbrito | ||
| 260 | |a Madrid |b Cátedra |c 1993 | ||
| 650 | 7 | |a POESIAS CHECAS |2 CL-VaPUC |9 427860 | |
| 583 | |a last modification |c 19990426 00:00:00 |k Rodrigo Vera | ||
| 490 | 0 | |a Colección Letras Universales, 70 | |
| 999 | |c 280340 |d 280338 | ||
| 952 | |0 0 |1 0 |4 0 |6 891_860100000000000_RIL_1993 |7 0 |8 A |9 320591 |a BIBART |b BIBART |d 2019-11-20 |i 3518876 |o 891.8601 RIL 1993 |p 3518876 |r 2025-03-13 |w 2019-11-20 |y BK |k ART | ||